The Puzzle Quiz - Statistics

General Stats
  • This quiz has been taken 6 times
  • The average score is 3 of 10
Answer Stats
Puzzle Answer % Correct
Hmm, what time is it today? Tick Tock
75%
"Cool shell formation" said the FBI Donald didn't like that
50%
The answer to everything, twice Don't Panic
50%
The nail on my thumb is starting to hurt, but where? Nice House
50%
The "Mozart of Chess" 's best ever Check and Mate
25%
Jetpunk is key for this one: cah dhr dqvxt zvfn Jeppy is Proud
25%
In the 200, Bolt did this Speedy Answer
25%
1st character Good Job Finishing the Quiz
0%
A B C D B F A Good Thinking
0%
What is this question? Smart
0%
No matching quizzes found
Score Distribution
Percent of People with Each Score
Percentile by Number Answered
Your Score History
You have not taken this quiz